000 00696nam a22002297a 4500
005 20170124105919.0
010 _aA-950055
020 _c00.00
035 _aA-950055
037 _bCen Lib/Ret
040 _aDPL
_bEN
082 _a307.772
_bFRO
245 _aFrom Tribe to caste /
_cedited by Dev Nathan
260 _aShimla
_bIndian institute of advanced study
_c1997
270 _aIndian institute of advanced study rashtrapati nivas
_bShimla
_e171005
300 _a462p.
_c21cm (Hb)
500 _aIncludes contributors
650 _aSocial science
_981003
650 _aAnthropology-India
_981004
700 _aNathan, Dev
_922646
942 _2ddc
_cEN
_h307.772
_mFRO
999 _c123056
_d123056